Math and art : (Record no. 3001)
[ view plain ]
| 000 -LEADER | |
|---|---|
| fixed length control field | 02031cam a22002178i 4500 |
| 008 - FIXED-LENGTH DATA ELEMENTS--GENERAL INFORMATION | |
| fixed length control field | 200911s2021 flu b 001 0 eng |
| 020 ## - INTERNATIONAL STANDARD BOOK NUMBER | |
| ISBN | 9780367076139 |
| 020 ## - INTERNATIONAL STANDARD BOOK NUMBER | |
| ISBN | 9780367076115 |
| 100 1# - MAIN ENTRY--AUTHOR | |
| Author | Kalajdzievski, Sasho, |
| 245 10 - TITLE STATEMENT | |
| Title | Math and art : |
| Remainder of title | an introduction to visual mathematics / |
| Statement of responsibility, etc | Sasho Kalajdzievski, University of Manitoba Winnepeg, Canada. |
| 250 ## - EDITION STATEMENT | |
| Edition statement | Second edition. |
| 260 ## - PUBLICATION, DISTRIBUTION, ETC. (IMPRINT) | |
| Place of publication | New Delhi |
| Name of publisher | CRC Press |
| Date of publication | 2022 |
| 300 ## - COLLATION | |
| Pagination | pages cm |
| 520 ## - SUMMARY, ETC. | |
| Summary, etc | "Math and Art: An Introduction to Visual Mathematics explores the potential of mathematics to generate visually appealing objects and reveals some of the beauty of mathematics. It includes numerous illustrations, computer-generated graphics, photographs, and art reproductions to demonstrate how mathematics can inspire or generate art. Focusing on accessible, visually interesting, and mathematically relevant topics, the text unifies mathematics subjects through their visual and conceptual beauty. Sequentially organized according to mathematical maturity level, each chapter covers a cross section of mathematics, from fundamental Euclidean geometry, tilings, and fractals to hyperbolic geometry, platonic solids, and topology. For art students, the book stresses an understanding of the mathematical background of relatively complicated yet intriguing visual objects. For science students, it presents various elegant mathematical theories and notions. Features Provides an accessible introduction to mathematics in art Supports the narrative with a self-contained mathematical theory, with complete proofs of the main results (including the classification theorem for similarities) Presents hundreds of figures, illustrations, computer-generated graphics, designs, photographs, and art reproductions, mainly presented in full color Includes 21 projects and about 280 exercises, about half of which are fully solved |
| 650 #0 - TRACINGS | |
| Main Subject | Geometry. |
| 650 #0 - TRACINGS | |
| Main Subject | Design. |
| 650 #0 - TRACINGS | |
| Main Subject | Geometry in art. |
| 942 ## - ADDED ENTRY ELEMENTS (KOHA) | |
| Item type | Books |
| 050 00 - LIBRARY OF CONGRESS CALL NUMBER | |
| Classification number | QA445 |
| Item number | .K32 2021 |
| 082 00 - DEWEY DECIMAL CLASSIFICATION NUMBER | |
| Classification number | 510 |
| Source of classification or shelving scheme | Not for loan | Permanent location | Current location | Date acquired | Accession No. | Full call number | Barcode. | Koha item type |
|---|---|---|---|---|---|---|---|---|
| Library of Congress Classification | Samuel Ogbemudia Main Library, University of Abuja | Samuel Ogbemudia Main Library, University of Abuja | 04/15/2025 | 2024/63152 | QA445.K35 | 2025-1377 | Books |